000
00256nam a22001097a 4500
008
170116b xxu||||| |||| 00| 0 eng d
020
_a
9780803621848
041
_a
eng
080
_2
5th
_a
618.2
245
_a
I.V. THERAPEUTICS
_c
PHILLIPS, L.D
942
_2
udc
_c
BK
999
_c
2944
_d
2944